Giai thoại nhà văn thế giới

में बचाया:
ग्रंथसूची विवरण
मुख्य लेखक: Thái Doãn Hiểu
स्वरूप: पुस्तक
भाषा:Undetermined
प्रकाशित: Hà Nội Văn hóa dân tộc 1996
विषय:
टैग : टैग जोड़ें
कोई टैग नहीं, इस रिकॉर्ड को टैग करने वाले पहले व्यक्ति बनें!
Thư viện lưu trữ: Trung tâm Học liệu Trường Đại học Cần Thơ
LEADER 00480nam a2200169Ia 4500
001 CTU_4454
008 210402s9999 xx 000 0 und d
082 |a 809 
082 |b H309t 
100 |a Thái Doãn Hiểu 
245 0 |a Giai thoại nhà văn thế giới 
245 0 |c Thái Doãn Hiểu 
260 |a Hà Nội 
260 |b Văn hóa dân tộc 
260 |c 1996 
650 |a literature 
980 |a Trung tâm Học liệu Trường Đại học Cần Thơ